[Event "XII Corsicoscacchi FIDE"]
[Site "Corsico ITA"]
[Date "1996.10.??"]
[Round "3"]
[White "Natalucci, Fabrizio"]
[Black "Murgia, Andrea"]
[Result "1-0"]
[WhiteElo "2225"]
[BlackElo "2175"]
[PlyCount "133"]
[EventDate "1996.10.05"]

1. d4 d5 2. c4 c6 3. Nf3 Nf6 4. Nc3 dxc4 5. a4 Bf5 6. Ne5 Nbd7 7. Nxc4 Qc7 8.
g3 e5 9. dxe5 Nxe5 10. Bf4 Rd8 11. Qb3 Be6 12. Bxe5 Qxe5 13. Qxb7 Qc5 14. Ne3
Bd6 15. Bg2 Rc8 16. O-O O-O 17. Rfd1 Rc7 18. Qa6 Rd8 19. Rac1 Qb4 20. Rd2 h5
21. Bxc6 h4 22. Qb5 Rdc8 23. Bf3 hxg3 24. hxg3 a5 25. Rcd1 Bf8 26. Qxb4 axb4
27. Ncd5 Ra7 28. b3 Nd7 29. Nf4 Nc5 30. Nxe6 fxe6 31. Bg4 Kf7 32. Rc2 Rb8 33.
Nc4 Kf6 34. f4 Nxb3 35. Ne5 Rbb7 36. Rc6 Nc5 37. Rc8 Be7 38. Nc6 Nxa4 39. Nxa7
Rxa7 40. Rc6 Nc5 41. Rb1 b3 42. Kg2 Rb7 43. e4 g6 44. Bf3 Rb4 45. e5+ Kf7 46.
Bd1 b2 47. Bc2 Nd7 48. Rh1 Nf8 49. Bb1 Rb7 50. Rd1 Bb4 51. Rc2 Ba3 52. Rd3 Be7
53. Rcc3 g5 54. Rb3 Rc7 55. Rxb2 gxf4 56. gxf4 Ng6 57. Rf2 Rc1 58. Ba2 Nh4+ 59.
Kh2 Nf5 60. Bb3 Rc8 61. Rc2 Rh8+ 62. Rh3 Bh4 63. Rc7+ Kg6 64. Bxe6 Bg3+ 65. Kg2
Rxh3 66. Kxh3 Bxf4 67. Kg4 1-0

[Event "XII Corsicoscacchi FIDE"]
[Site "Corsico ITA"]
[Date "1996.10.??"]
[Round "3"]
[White "Valenti, Giuseppe"]
[Black "Barberi, Alessandro"]
[Result "1-0"]
[WhiteElo "2215"]
[BlackElo "2220"]
[PlyCount "95"]
[EventDate "1996.10.05"]

1. e4 c5 2. Nf3 d6 3. d4 cxd4 4. Nxd4 Nf6 5. Nc3 g6 6. Be3 Bg7 7. f3 O-O 8. Bc4
Nc6 9. Qd2 Bd7 10. O-O-O Qc7 11. Bb3 Rfc8 12. h4 Ne5 13. Bg5 Nc4 14. Qd3 Qc5
15. Bxf6 Bxf6 16. Nd5 b5 17. Nxf6+ exf6 18. Ne2 Be6 19. Nc3 Rab8 20. Qd4 Qe5
21. Bxc4 bxc4 22. Qxd6 Qa5 23. h5 Rd8 24. Qf4 Rxd1+ 25. Rxd1 Qb4 26. Qxf6 Qxb2+
27. Kd2 Qb6 28. Ke2 gxh5 29. Qg5+ Kf8 30. Qxh5 Rd8 31. Qh6+ Ke8 32. Qe3 Rxd1
33. Qxb6 axb6 34. Nxd1 Kd7 35. Ke3 Kc6 36. Kd4 Kb5 37. Nc3+ Kc6 38. a4 h5 39.
Nd5 f5 40. Ne7+ Kc7 41. Nxf5 Bd7 42. Kxc4 Bxa4 43. c3 Bd1 44. Kd4 Kc6 45. f4 b5
46. e5 Bg4 47. Ne3 Be2 48. g3 1-0

[Event "XII Corsicoscacchi FIDE"]
[Site "Corsico ITA"]
[Date "1996.10.??"]
[Round "4"]
[White "Barberi, Alessandro"]
[Black "Gabetto, Flaviano"]
[Result "1-0"]
[WhiteElo "2220"]
[BlackElo "2155"]
[PlyCount "81"]
[EventDate "1996.10.05"]

1. d4 Nc6 2. Nf3 d5 3. c4 Bg4 4. cxd5 Bxf3 5. dxc6 Bxc6 6. Nc3 Nf6 7. Bg5 e6 8.
e4 Bb4 9. f3 h6 10. Bh4 g5 11. Bf2 a6 12. Qb3 Qe7 13. O-O-O O-O-O 14. Kb1 Bxc3
15. Qxc3 Bxe4+ 16. fxe4 Nxe4 17. Qc2 f5 18. Bc4 Rd6 19. Be3 Rc6 20. Qd3 Rd8 21.
Rhf1 Qb4 22. Rc1 Nc5 23. Qc3 Qxc3 24. Rxc3 Ne4 25. Rc2 f4 26. Bd3 Rxc2 27. Kxc2
Nd6 28. Bg1 Kd7 29. Re1 Re8 30. h3 Nc8 31. d5 e5 32. Bf5+ Kd8 33. Bxc8 Kxc8 34.
Kd3 Kd7 35. Ke4 Kd6 36. b4 b5 37. Rc1 Kd7 38. Rc6 h5 39. Rg6 g4 40. hxg4 hxg4
41. Rxg4 1-0

[Event "XII Corsicoscacchi FIDE"]
[Site "Corsico ITA"]
[Date "1996.10.??"]
[Round "4"]
[White "Barlocco, Carlo"]
[Black "Bressanelli, Roberto"]
[Result "1-0"]
[WhiteElo "2195"]
[BlackElo "2115"]
[PlyCount "139"]
[EventDate "1996.10.05"]

1. d4 d5 2. Nf3 Nf6 3. c4 dxc4 4. e3 e6 5. Bxc4 a6 6. O-O c5 7. Nc3 b5 8. Bb3
Bb7 9. Re1 Nbd7 10. e4 cxd4 11. Nxd4 Nc5 12. Bc2 Be7 13. e5 Nd5 14. Qg4 g6 15.
Bh6 Bf8 16. Bxf8 Rxf8 17. Ne4 Nxe4 18. Bxe4 Qb6 19. Bxd5 Bxd5 20. Rec1 Rd8 21.
a4 f5 22. a5 Qb7 23. Qg3 Kf7 24. Rc3 Rc8 25. Rac1 b4 26. R3c2 Rxc2 27. Rxc2 Rc8
28. Qg5 Rxc2 29. Nxc2 Qc7 30. Qd2 b3 31. Nd4 Qxe5 32. h3 Qe4 33. f3 Qe5 34. Qc3
Qb8 35. Qc5 Qb7 36. Kf2 e5 37. Ne2 e4 38. Nf4 Be6 39. Qe5 Qa7+ 40. Kg3 Qd7 41.
Qh8 Ke7 42. Qxh7+ Bf7 43. Nxg6+ Kf6 44. Nf4 exf3 45. gxf3 Qd1 46. Qh8+ Ke7 47.
Qe5+ Kf8 48. Ng2 Qd2 49. Nf4 Qd1 50. Qc3 Qg1+ 51. Kh4 Kg8 52. Qd2 Qb1 53. Kg5
Qc2 54. Qxc2 bxc2 55. Nd3 Kg7 56. Kf4 Bc4 57. Nc1 Bf1 58. Ke3 Bxh3 59. Kd2 Bg2
60. f4 Be4 61. Nb3 Bd5 62. Kxc2 Kf6 63. Nc5 Bc4 64. Kc3 Bf1 65. Kd4 Be2 66. Kd5
Bb5 67. b4 Ke7 68. Ke5 Bc4 69. Nb7 Kd7 70. Nd6 1-0

[Event "XII Corsicoscacchi FIDE"]
[Site "Corsico ITA"]
[Date "1996.10.??"]
[Round "4"]
[White "Everet, Alexandro"]
[Black "Bonazzi, Edoardo"]
[Result "1-0"]
[WhiteElo "2130"]
[BlackElo "1813"]
[PlyCount "65"]
[EventDate "1996.10.05"]

1. e4 c5 2. Nf3 e6 3. c3 d5 4. exd5 Qxd5 5. Bb5+ Bd7 6. Bxd7+ Nxd7 7. O-O Ngf6
8. d4 Be7 9. dxc5 Qxd1 10. Rxd1 Bxc5 11. a3 Ne4 12. Be3 Bxe3 13. fxe3 O-O-O 14.
Nbd2 Ndc5 15. Nxe4 Nxe4 16. Rd4 Nd6 17. Ng5 h6 18. Nf3 Nf5 19. Rc4+ Kb8 20. e4
Ne7 21. Rf1 Nc6 22. e5 Rd5 23. Re4 Rhd8 24. h3 Kc7 25. c4 Rd1 26. Ne1 R8d7 27.
Kh2 R1d2 28. b4 Ra2 29. Rf3 Nd4 30. Rg3 Nf5 31. Rc3 Rdd2 32. Kg1 Ng3 33. Rxg3
1-0

[Event "XII Corsicoscacchi FIDE"]
[Site "Corsico ITA"]
[Date "1996.10.??"]
[Round "4"]
[White "Moncelli, Giorgio"]
[Black "Oppici, Gabriele"]
[Result "1-0"]
[WhiteElo "2145"]
[BlackElo "2055"]
[PlyCount "109"]
[EventDate "1996.10.05"]

1. d4 f5 2. g3 Nf6 3. Bg2 g6 4. Nf3 Bg7 5. O-O O-O 6. c4 d6 7. Nc3 Qe8 8. b3
Na6 9. Bb2 c6 10. d5 Bd7 11. dxc6 bxc6 12. a3 Rb8 13. Re1 h6 14. Qc2 Qf7 15.
Rad1 Ne4 16. e3 Nac5 17. b4 Nxc3 18. Bxc3 Bxc3 19. Qxc3 Ne4 20. Qc2 Be6 21. Bf1
c5 22. b5 g5 23. Bd3 Qh5 24. Be2 Qg6 25. Bf1 h5 26. h4 g4 27. Nd2 Nf6 28. Bg2
Qf7 29. a4 Nd7 30. f4 Nb6 31. Rc1 d5 32. cxd5 Nxd5 33. Qxc5 Rbc8 34. Qd4 Rfd8
35. Rxc8 Rxc8 36. e4 Nb6 37. exf5 Bxf5 38. a5 Nd7 39. Bd5 e6 40. Bc6 Nf6 41.
Nc4 Qf8 42. Rd1 Bc2 43. Rd2 Bf5 44. Qxa7 Qb4 45. Qd4 Rf8 46. a6 Qb3 47. Kh2 Nd5
48. Bxd5 exd5 49. Qxd5+ Kg7 50. a7 Qa4 51. Ne3 Be4 52. Qg5+ Kh8 53. Qxh5+ Bh7
54. Qe5+ Kg8 55. Rd7 1-0

[Event "XII Corsicoscacchi FIDE"]
[Site "Corsico ITA"]
[Date "1996.10.??"]
[Round "4"]
[White "Murgia, Andrea"]
[Black "Dorighet, Claudio"]
[Result "1/2-1/2"]
[WhiteElo "2175"]
[BlackElo "1897"]
[PlyCount "57"]
[EventDate "1996.10.05"]

1. e4 c5 2. c3 b6 3. d4 Bb7 4. Bd3 Nf6 5. Qe2 cxd4 6. cxd4 Nc6 7. Nf3 Nb4 8.
Nc3 Nxd3+ 9. Qxd3 g6 10. O-O Bg7 11. Bf4 O-O 12. Rac1 d5 13. e5 Ne4 14. Qe3 Rc8
15. Ne2 Ba6 16. Rxc8 Qxc8 17. Rc1 Qd7 18. Ng3 Nxg3 19. hxg3 Rc8 20. Bh6 Rc4 21.
Bxg7 Kxg7 22. Rxc4 dxc4 23. Qa3 Bb5 24. d5 Qxd5 25. Qxe7 Bd7 26. Qf6+ Kg8 27.
Qd8+ Kg7 28. Qf6+ Kg8 29. Qd8+ 1/2-1/2

[Event "XII Corsicoscacchi FIDE"]
[Site "Corsico ITA"]
[Date "1996.10.??"]
[Round "4"]
[White "Natalucci, Fabrizio"]
[Black "Cazzaniga, Walter"]
[Result "1/2-1/2"]
[WhiteElo "2225"]
[BlackElo "2235"]
[PlyCount "116"]
[EventDate "1996.10.05"]

1. d4 Nf6 2. Nf3 g6 3. c4 Bg7 4. g3 O-O 5. Bg2 d6 6. Nc3 c6 7. O-O a6 8. h3
Nbd7 9. Be3 b5 10. Nd2 b4 11. Nce4 Qc7 12. Rc1 Nxe4 13. Nxe4 Rb8 14. Qd2 Re8
15. Rfd1 a5 16. Bh6 Bh8 17. h4 Nf6 18. Nxf6+ Bxf6 19. e4 e5 20. Bg5 Bxg5 21.
Qxg5 Kg7 22. Rd2 c5 23. dxc5 dxc5 24. Rcd1 Be6 25. Rd6 f6 26. Qd2 h5 27. b3 Re7
28. f4 Bg4 29. fxe5 Rxe5 30. Rf1 Rf8 31. Rf4 Rf7 32. Rd8 Rd7 33. Rxd7+ Qxd7 34.
Qf2 Qd6 35. Kh2 Bd7 36. Qc2 Bc6 37. Rf1 Qe7 38. Rf4 Qd8 39. Rf2 Qd4 40. Rd2 Qe3
41. Qd1 f5 42. Rd3 Qf2 43. Rf3 Qd4 44. Rd3 Qf2 45. Rf3 Qd4 46. Qxd4 cxd4 47.
exf5 gxf5 48. Rd3 Be4 49. Rxd4 Bxg2 50. Kxg2 Re2+ 51. Kf3 Rxa2 52. Rd5 Kf6 53.
Rd6+ Ke7 54. Rd5 Ra3 55. Rxf5 a4 56. Ke4 Rxb3 57. Rxh5 a3 58. Ra5 Rxg3 1/2-1/2

[Event "XII Corsicoscacchi FIDE"]
[Site "Corsico ITA"]
[Date "1996.10.??"]
[Round "5"]
[White "Bonazzi, Edoardo"]
[Black "Dorighet, Claudio"]
[Result "0-1"]
[WhiteElo "1813"]
[BlackElo "1897"]
[PlyCount "106"]
[EventDate "1996.10.05"]

1. e4 c5 2. Nf3 d6 3. d4 cxd4 4. Nxd4 Nf6 5. Nc3 g6 6. Be3 Bg7 7. f3 Nc6 8. Qd2
O-O 9. O-O-O Nxd4 10. Bxd4 Be6 11. Nd5 Bxd5 12. exd5 Qc7 13. g3 Rab8 14. Bh3 b5
15. Rhe1 Rb7 16. Kb1 a5 17. Qc3 Qd8 18. Qd3 Re8 19. Re2 Qc7 20. Rde1 Qc4 21.
Qxc4 bxc4 22. f4 Nxd5 23. Bxg7 Kxg7 24. Rd2 Nc3+ 25. Ka1 Na4 26. b3 cxb3 27.
axb3 Nc5 28. Rxd6 a4 29. Rc6 axb3 30. Bc8 b2+ 31. Kb1 Rb5 32. Rd1 Ne4 33. Rd4
Nd6 34. Ba6 Rbb8 35. Rd3 Nb5 36. Bxb5 Rxb5 37. Rb3 Rd5 38. Kxb2 e5 39. fxe5
Rexe5 40. Rc7 Rf5 41. h4 Rf2 42. Re3 Kh6 43. Rc4 Rdf5 44. Kc3 R5f3 45. Kd3 Kh5
46. Rce4 f5 47. Rxf3 Rxf3+ 48. Re3 Kg4 49. c4 Rxe3+ 50. Kxe3 Kxg3 51. Ke2 Kf4
52. Kf2 h6 53. c5 Ke5 0-1

[Event "XII Corsicoscacchi FIDE"]
[Site "Corsico ITA"]
[Date "1996.10.??"]
[Round "5"]
[White "Cazzaniga, Walter"]
[Black "Barlocco, Carlo"]
[Result "0-1"]
[WhiteElo "2235"]
[BlackElo "2195"]
[PlyCount "56"]
[EventDate "1996.10.05"]

1. d4 d5 2. c4 c6 3. Nf3 Nf6 4. Nc3 e6 5. Bg5 h6 6. Bxf6 Qxf6 7. e4 dxe4 8.
Nxe4 Bb4+ 9. Ned2 O-O 10. Bd3 c5 11. a3 Ba5 12. b4 cxb4 13. Nb3 Qd8 14. O-O
bxa3 15. Rxa3 Bb4 16. Ra2 Nc6 17. Qe2 Be7 18. Rd2 Bf6 19. h4 h5 20. Bb1 g6 21.
Re1 Qb6 22. Qd1 Rd8 23. Be4 a5 24. d5 exd5 25. cxd5 Nb4 26. Nbd4 Bg4 27. Qb1
Bxf3 28. Bxg6 Bxd4 0-1

[Event "XII Corsicoscacchi FIDE"]
[Site "Corsico ITA"]
[Date "1996.10.??"]
[Round "5"]
[White "Gabetto, Flaviano"]
[Black "Everet, Alexandro"]
[Result "1/2-1/2"]
[WhiteElo "2155"]
[BlackElo "2130"]
[PlyCount "80"]
[EventDate "1996.10.05"]

1. e4 c5 2. b4 cxb4 3. d4 e6 4. a3 bxa3 5. c3 d5 6. e5 Nc6 7. Bd3 Bd7 8. Nf3 g6
9. O-O Bh6 10. Nxa3 a6 11. Nc2 Bxc1 12. Qxc1 Qe7 13. Qb2 Nd8 14. Qc1 Rc8 15.
Qd2 h5 16. Ne3 Nh6 17. c4 Bc6 18. cxd5 exd5 19. Rfc1 Qd7 20. Ng5 Ne6 21. Nxe6
Qxe6 22. f4 O-O 23. f5 gxf5 24. Rf1 Bd7 25. Nxf5 Nxf5 26. Bxf5 Qxf5 27. Rxf5
Bxf5 28. Qg5+ Bg6 29. e6 Rc6 30. Re1 Kg7 31. e7 Re8 32. Qxd5 f6 33. Qd7 Rb6 34.
d5 a5 35. d6 Rc6 36. Qxb7 Rxd6 37. Qc7 Ra6 38. Qb7 Rd6 39. Qc7 Ra6 40. Qb7 Rd6
1/2-1/2

[Event "XII Corsicoscacchi FIDE"]
[Site "Corsico ITA"]
[Date "1996.10.??"]
[Round "5"]
[White "Hitzgerova, Gabriela"]
[Black "Barberi, Alessandro"]
[Result "1-0"]
[WhiteElo "2125"]
[BlackElo "2220"]
[PlyCount "75"]
[EventDate "1996.10.05"]

1. e4 c5 2. Nf3 d6 3. d4 cxd4 4. Nxd4 Nf6 5. Nc3 g6 6. Be2 Bg7 7. O-O Nc6 8.
Nb3 O-O 9. Bg5 a6 10. f4 Rb8 11. Kh1 b5 12. Bf3 Bb7 13. Nd5 Nd7 14. c3 Re8 15.
Qd2 a5 16. Rad1 a4 17. Nc1 Nc5 18. Nd3 Nxd3 19. Qxd3 Ba8 20. Qe2 Qa5 21. a3 Qa7
22. Qe1 Na5 23. Qh4 Bxd5 24. exd5 Nc4 25. Qf2 Qc5 26. Rd3 Rbc8 27. Bg4 Rc7 28.
Qe2 Nb6 29. Bf3 Qc4 30. Be4 Qb3 31. Qf2 Nc4 32. f5 Rf8 33. Qh4 Nxb2 34. Rh3 h5
35. Bxe7 Rxc3 36. Bxf8 Rxh3 37. Qxh3 Qc4 38. Qf3 1-0

[Event "XII Corsicoscacchi FIDE"]
[Site "Corsico ITA"]
[Date "1996.10.??"]
[Round "5"]
[White "Marchio', Enrico"]
[Black "Contini, Luca"]
[Result "1/2-1/2"]
[WhiteElo "2270"]
[BlackElo "2340"]
[PlyCount "47"]
[EventDate "1996.10.05"]

1. Nf3 Nf6 2. c4 e6 3. g3 d5 4. Bg2 dxc4 5. Qa4+ Bd7 6. Qxc4 Bc6 7. O-O Nbd7 8.
d4 Nb6 9. Qd3 Be4 10. Qd1 c5 11. Nc3 Bc6 12. Bf4 cxd4 13. Qxd4 Qxd4 14. Nxd4
Bxg2 15. Kxg2 a6 16. Rac1 Bb4 17. Bc7 Bxc3 18. Rxc3 Nbd5 19. Rcc1 Kd7 20. Be5
Rhc8 21. Kf3 Ne8 22. Nb3 Rxc1 23. Rxc1 Rc8 24. Rxc8 1/2-1/2

[Event "XII Corsicoscacchi FIDE"]
[Site "Corsico ITA"]
[Date "1996.10.??"]
[Round "5"]
[White "Moncelli, Giorgio"]
[Black "Natalucci, Fabrizio"]
[Result "1/2-1/2"]
[WhiteElo "2145"]
[BlackElo "2225"]
[PlyCount "46"]
[EventDate "1996.10.05"]

1. d4 f5 2. c4 g6 3. Nc3 Nf6 4. Nf3 Bg7 5. Bf4 O-O 6. e3 d6 7. h3 Qe8 8. Be2
Nc6 9. d5 Nd8 10. O-O e5 11. dxe6 Nxe6 12. Bh2 Bd7 13. Qc2 Bc6 14. Rad1 Ne4 15.
Nd5 Rc8 16. Nd4 Bd7 17. Rfe1 Kh8 18. f3 N4c5 19. Bg3 Qf7 20. Bf2 Rce8 21. Bf1
Be5 22. Nxe6 Nxe6 23. b4 b6 1/2-1/2

[Event "XII Corsicoscacchi FIDE"]
[Site "Corsico ITA"]
[Date "1996.10.??"]
[Round "5"]
[White "Oppici, Gabriele"]
[Black "Murgia, Andrea"]
[Result "1-0"]
[WhiteElo "2055"]
[BlackElo "2175"]
[PlyCount "90"]
[EventDate "1996.10.05"]

1. Nc3 d5 2. e4 d4 3. Nce2 c5 4. Ng3 Nc6 5. Bb5 Bd7 6. Nf3 Qc7 7. O-O e5 8. d3
Nge7 9. c3 a6 10. Ba4 h5 11. Nh4 O-O-O 12. f4 Bg4 13. Qc2 Ng6 14. Nxg6 fxg6 15.
Bxc6 Qxc6 16. fxe5 h4 17. Ne2 Bxe2 18. Qxe2 dxc3 19. bxc3 Qd7 20. Bg5 Re8 21.
d4 Rh5 22. Be3 Kb8 23. Rab1 Ka8 24. Qc4 Be7 25. Rf7 h3 26. e6 Qc8 27. g3 b5 28.
Qf1 Qxe6 29. Qf3 Qxa2 30. e5+ Kb8 31. Qf1 Qd5 32. Rxe7 Rxe7 33. Qf8+ Kc7 34.
Qxe7+ Kc6 35. Qxc5+ Qxc5 36. dxc5 Rxe5 37. Bd4 Re2 38. Ra1 Rg2+ 39. Kh1 Kb7 40.
c6+ Kxc6 41. Rxa6+ Kd5 42. Bxg7 Rd2 43. Ra1 Kc4 44. g4 Kd3 45. Re1 Rg2 1-0

[Event "XII Corsicoscacchi FIDE"]
[Site "Corsico ITA"]
[Date "1996.10.??"]
[Round "5"]
[White "Valenti, Giuseppe"]
[Black "Sbarra, Marco"]
[Result "1/2-1/2"]
[WhiteElo "2215"]
[BlackElo "2280"]
[PlyCount "71"]
[EventDate "1996.10.05"]

1. e4 e5 2. Nf3 d6 3. d4 Nf6 4. Nc3 Nbd7 5. Bc4 Be7 6. O-O O-O 7. a4 c6 8. Re1
b6 9. Ba2 a6 10. b4 Bb7 11. Rb1 Qc7 12. Bb2 Rac8 13. Ba1 b5 14. axb5 axb5 15.
Re2 Qb6 16. Qd3 Ra8 17. Bb2 Rfe8 18. Bb3 exd4 19. Nxd4 Ne5 20. Qd1 g6 21. Re1
Bf8 22. Nf3 Nfg4 23. Qe2 Nxf3+ 24. Qxf3 Ne5 25. Qe2 Bc8 26. Bc1 Be6 27. Be3 Qc7
28. f4 Bc4 29. Qd1 Bxb3 30. cxb3 Nd7 31. Rc1 Qb7 32. Qd3 Ra3 33. Nb1 Ra2 34.
Nc3 Ra3 35. Nb1 Ra2 36. Nc3 1/2-1/2

[Event "XII Corsicoscacchi FIDE"]
[Site "Corsico ITA"]
[Date "1996.10.??"]
[Round "6"]
[White "Barlocco, Carlo"]
[Black "Sbarra, Marco"]
[Result "0-1"]
[WhiteElo "2195"]
[BlackElo "2280"]
[PlyCount "128"]
[EventDate "1996.10.05"]

1. d4 Nf6 2. Nf3 d6 3. Bg5 Nbd7 4. Nbd2 e5 5. c3 h6 6. Bxf6 Qxf6 7. e4 g6 8.
Be2 Bg7 9. O-O O-O 10. Re1 Re8 11. Bf1 Nf8 12. dxe5 dxe5 13. Qb3 Ne6 14. g3 c6
15. Bg2 Bf8 16. Nc4 Ng5 17. Nxg5 hxg5 18. Ne3 Kg7 19. Bf1 Bc5 20. Qc4 Bb6 21.
b4 Rh8 22. Qe2 Be6 23. a4 a5 24. bxa5 Bxa5 25. Rec1 Rad8 26. Rab1 Rd7 27. Rd1
Rxd1 28. Nxd1 Qe7 29. Qb2 b6 30. Ne3 Qc5 31. Be2 Rd8 32. Kg2 f6 33. h3 Rd7 34.
Bf1 Rb7 35. Rc1 b5 36. axb5 cxb5 37. c4 Qc6 38. cxb5 Qxe4+ 39. Kh2 Qd4 40. Rc2
Qxb2 41. Rxb2 Bc3 42. Rb1 Bd7 43. Kg2 Bd4 44. Kf3 f5 45. g4 e4+ 46. Kg2 f4 47.
Nd5 Be6 48. Bc4 Rd7 49. Rd1 Ba7 50. Kf1 Kf7 51. Ke2 Bc5 52. f3 e3 53. Nxe3 Re7
54. Kd3 fxe3 55. Bxe6+ Rxe6 56. Rc1 Bb6 57. Ke2 Rd6 58. Ra1 Ke6 59. Ra4 Bd4 60.
b6 Bxb6 61. f4 gxf4 62. Re4+ Kf6 63. Rxf4+ Kg5 64. Rc4 Kh4 0-1

[Event "XII Corsicoscacchi FIDE"]
[Site "Corsico ITA"]
[Date "1996.10.??"]
[Round "6"]
[White "Contini, Luca"]
[Black "Moncelli, Giorgio"]
[Result "1/2-1/2"]
[WhiteElo "2340"]
[BlackElo "2145"]
[PlyCount "58"]
[EventDate "1996.10.05"]

1. d4 d5 2. c4 c6 3. Nf3 Nf6 4. Nc3 e6 5. Bg5 Nbd7 6. e3 Be7 7. Qc2 O-O 8. Rd1
a6 9. a3 Re8 10. Bf4 dxc4 11. Bxc4 b5 12. Ba2 Bb7 13. O-O Qb6 14. e4 c5 15. d5
exd5 16. exd5 Bd6 17. Bg5 c4 18. Bb1 g6 19. Qd2 b4 20. axb4 Bxb4 21. Qf4 Rac8
22. Bxf6 Qxf6 23. Qg3 Bd6 24. Qh3 Nc5 25. Qg4 a5 26. Nd2 Be5 27. Nde4 Nxe4 28.
Nxe4 Qd8 29. Ng5 h5 1/2-1/2

[Event "XII Corsicoscacchi FIDE"]
[Site "Corsico ITA"]
[Date "1996.10.??"]
[Round "6"]
[White "Everet, Alexandro"]
[Black "Bressanelli, Roberto"]
[Result "0-1"]
[WhiteElo "2130"]
[BlackElo "2115"]
[PlyCount "92"]
[EventDate "1996.10.05"]

1. e4 e5 2. Nf3 Nc6 3. Bc4 Bc5 4. O-O Nf6 5. d3 d6 6. h3 h6 7. Be3 Bb6 8. c3
Be6 9. Nbd2 g5 10. Qb3 Na5 11. Qa4+ Bd7 12. Qc2 Nh5 13. d4 Nxc4 14. Nxc4 f6 15.
dxe5 fxe5 16. Rfd1 Qf6 17. Qe2 Nf4 18. Bxf4 gxf4 19. Nfxe5 dxe5 20. Qh5+ Ke7
21. Rd5 Rag8 22. Nxe5 Be8 23. Qf5 Qxf5 24. exf5 Kf6 25. Re1 Rg7 26. Ng4+ Rxg4
27. hxg4 Bf7 28. Rd7 Rg8 29. Ree7 Bxa2 30. Rh7 Rxg4 31. Rxh6+ Kxf5 32. Rh8 Rg6
33. Rf8+ Kg5 34. Rb8 Kg4 35. Rxb7 f3 36. g3 Kf5 37. Rxb6 Rxb6 38. Rxc7 Rxb2 39.
Rxa7 Be6 40. Ra4 Kg5 41. Re4 Bh3 42. Re5+ Kf6 43. Re4 Bg2 44. Re1 Rb8 45. Ra1
Rh8 46. Ra6+ Ke7 0-1

[Event "XII Corsicoscacchi FIDE"]
[Site "Corsico ITA"]
[Date "1996.10.??"]
[Round "6"]
[White "Hitzgerova, Gabriela"]
[Black "Marchio', Enrico"]
[Result "1/2-1/2"]
[WhiteElo "2125"]
[BlackElo "2270"]
[PlyCount "87"]
[EventDate "1996.10.05"]

1. e4 e6 2. d4 d5 3. Nd2 c5 4. exd5 Qxd5 5. Ngf3 cxd4 6. Bc4 Qd6 7. O-O Nf6 8.
Nb3 Nc6 9. Nbxd4 Nxd4 10. Nxd4 a6 11. c3 Qc7 12. Bd3 Bd6 13. h3 Bd7 14. Qf3 h6
15. Re1 O-O-O 16. Bd2 e5 17. Nf5 Bc6 18. Qe2 g6 19. Nxh6 Bf8 20. Bg5 e4 21. Bc4
Rxh6 22. Bxf6 Re8 23. Rad1 Rh5 24. Bb3 Bc5 25. Bd4 Bd6 26. Bb6 Qe7 27. Qd2 Bc7
28. Bxc7 Qxc7 29. Qd6 Re7 30. Qxc7+ Kxc7 31. Rd4 f5 32. Bd5 Bxd5 33. Rxd5 Kc6
34. Red1 Re6 35. Kf1 Rh4 36. R1d4 b6 37. Ke2 Rh8 38. Ke3 Rh4 39. Ke2 Rh8 40.
Rd7 Rh5 41. Rf7 Rh8 42. Ra7 a5 43. Rdd7 Rc8 44. Rd4 1/2-1/2

[Event "XII Corsicoscacchi FIDE"]
[Site "Corsico ITA"]
[Date "1996.10.??"]
[Round "6"]
[White "Murgia, Andrea"]
[Black "Gabetto, Flaviano"]
[Result "0-1"]
[WhiteElo "2175"]
[BlackElo "2155"]
[PlyCount "78"]
[EventDate "1996.10.05"]

1. e4 d5 2. exd5 Nf6 3. d4 Bg4 4. Nf3 Qxd5 5. Be2 Nc6 6. c4 Qh5 7. O-O O-O-O 8.
Be3 e5 9. h3 e4 10. hxg4 Nxg4 11. Nbd2 exf3 12. Nxf3 Bc5 13. Bf4 f5 14. d5 g5
15. Nxg5 Nd4 16. Bxg4 fxg4 17. Be3 Rd6 18. Bxd4 Rh6 19. Nh3 Bxd4 20. Qxd4 Rg8
21. Kh2 gxh3 22. g3 Qf3 23. Rg1 Rf8 24. Raf1 b6 25. c5 Rhf6 26. d6 Qe2 27. d7+
Kd8 28. Qh4 Kxd7 29. Qxh3+ Kc6 30. cxb6 Kxb6 31. g4 Rf3 32. Qh4 Qe5+ 33. Kg2
Qe4 34. Kh2 Qf4+ 35. Rg3 Rf6 36. Kg2 Rxf2+ 37. Rxf2 Qxf2+ 38. Kh3 Qf1+ 39. Rg2
Qh1+ 0-1

[Event "XII Corsicoscacchi FIDE"]
[Site "Corsico ITA"]
[Date "1996.10.??"]
[Round "6"]
[White "Natalucci, Fabrizio"]
[Black "Valenti, Giuseppe"]
[Result "1-0"]
[WhiteElo "2225"]
[BlackElo "2215"]
[PlyCount "120"]
[EventDate "1996.10.05"]

1. d4 e6 2. g3 c5 3. Nf3 Nf6 4. Bg2 Be7 5. O-O O-O 6. c4 cxd4 7. Nxd4 a6 8. e4
Qc7 9. Qe2 d6 10. Nc3 Bd7 11. Be3 Nc6 12. Rac1 Nxd4 13. Bxd4 Rac8 14. e5 dxe5
15. Bxe5 Qb6 16. Ne4 Nxe4 17. Bxe4 Bc6 18. c5 Qd8 19. Rfd1 Qe8 20. b4 f6 21.
Bd6 Qf7 22. Bc2 Rfe8 23. Bb3 Bd5 24. Bxd5 exd5 25. Bxe7 Rxe7 26. Qf3 Re4 27. a3
Qe6 28. Rc3 Rd8 29. Re3 f5 30. Rxe4 fxe4 31. Qe3 Qe5 32. f3 Rf8 33. fxe4 dxe4
34. Rd4 Re8 35. Kg2 h6 36. h4 Kh7 37. Kf2 Re6 38. Ke2 Qh5+ 39. Kd2 Qe5 40. Kc2
a5 41. Kb3 axb4 42. axb4 Re8 43. Kc2 Qe6 44. Kb2 Qf6 45. Kc2 Qa6 46. Kb3 Qa1
47. Rd2 Qb1+ 48. Rb2 Qd1+ 49. Kc3 Kh8 50. Re2 Ra8 51. Qxe4 Ra3+ 52. Kc4 Qb3+
53. Kb5 Qa4+ 54. Kb6 Qa7+ 55. Kc7 Rxg3 56. Qe8+ Kh7 57. Qe4+ Kg8 58. Qxb7 Qxb7+
59. Kxb7 Rf3 60. c6 Rf7+ 1-0

[Event "XII Corsicoscacchi FIDE"]
[Site "Corsico ITA"]
[Date "1996.10.??"]
[Round "6"]
[White "Oppici, Gabriele"]
[Black "Cazzaniga, Walter"]
[Result "0-1"]
[WhiteElo "2055"]
[BlackElo "2235"]
[PlyCount "92"]
[EventDate "1996.10.05"]

1. Nc3 e6 2. g3 d5 3. e4 Nf6 4. Bg2 Be7 5. d3 Nc6 6. Bd2 dxe4 7. Nxe4 Nxe4 8.
Bxe4 Bf6 9. Rb1 O-O 10. h4 e5 11. g4 Be6 12. g5 Be7 13. Qh5 g6 14. Qf3 Qd7 15.
Qg2 Nd4 16. h5 Nxc2+ 17. Kf1 Bf5 18. hxg6 fxg6 19. Qh2 Rf7 20. Qxe5 Bxe4 21.
Qxe4 Bc5 22. Nh3 Re8 23. Qc4 Ne3+ 24. Bxe3 Rxe3 25. Qxc5 Rxh3 26. Rxh3 Qxh3+
27. Kg1 Qxd3 28. Re1 Qd7 29. Qc4 c6 30. Qe4 Kf8 31. Qb4+ Kg8 32. Qe4 Qd8 33.
Qg4 Rf5 34. Qe4 Qd5 35. Qxd5+ Rxd5 36. f4 b5 37. Re2 Rd4 38. Rf2 Kf7 39. Kg2
Ke6 40. Kg3 Rd3+ 41. Kg2 a5 42. Kf1 Rd4 43. Ke2 Rb4 44. b3 a4 45. Rh2 axb3 46.
axb3 Kf5 0-1

[Event "XII Corsicoscacchi FIDE"]
[Site "Corsico ITA"]
[Date "1996.10.??"]
[Round "6"]
[White "Ubezio, Marco"]
[Black "Bonazzi, Edoardo"]
[Result "1-0"]
[WhiteElo "2195"]
[BlackElo "1813"]
[PlyCount "103"]
[EventDate "1996.10.05"]

1. d4 d5 2. Nf3 Nf6 3. c4 c6 4. e3 e6 5. Nc3 dxc4 6. Bxc4 b5 7. Bd3 a6 8. e4 c5
9. e5 b4 10. exf6 bxc3 11. Be4 Ra7 12. bxc3 Bb7 13. fxg7 Bxg7 14. Bg5 Qa5 15.
Rb1 Qc7 16. Qa4+ Nd7 17. Bxb7 Rxb7 18. O-O Rxb1 19. Rxb1 a5 20. Ne5 f6 21. Nxd7
Qxd7 22. Qxd7+ Kxd7 23. Rb7+ Kc6 24. Rxg7 fxg5 25. Rxg5 cxd4 26. cxd4 Rb8 27.
g3 a4 28. Re5 Rb2 29. a3 Rb3 30. Re3 Kd5 31. Kg2 Rxe3 32. fxe3 Kc4 33. Kf3 Kb3
34. e4 Kxa3 35. d5 exd5 36. exd5 Kb3 37. d6 a3 38. d7 a2 39. d8=Q a1=Q 40. Qg8+
Kb4 41. Qxh7 Qd1+ 42. Kg2 Qe2+ 43. Kh3 Qe6+ 44. g4 Qe3+ 45. Kh4 Qf2+ 46. Kg5
Qd2+ 47. Kg6 Qd3+ 48. Kg7 Qd7+ 49. Kh6 Qxg4 50. Qe7+ Kc4 51. Qc7+ Kd3 52. Qg3+
1-0

[Event "V Weekend A"]
[Site "Grammichele ITA"]
[Date "1996.10.13"]
[Round "8"]
[White "Alaimo, Riccardo"]
[Black "Genovese, Maurizio"]
[Result "1-0"]
[WhiteElo "2059"]
[BlackElo "2265"]
[PlyCount "113"]
[EventDate "1996.10.05"]

1. e4 c6 2. d4 d5 3. Nd2 dxe4 4. Nxe4 Nf6 5. Nxf6+ gxf6 6. c3 Bf5 7. Ne2 e6 8.
Ng3 Bg6 9. Bf4 Bd6 10. Qd2 Qc7 11. Bxd6 Qxd6 12. h4 h5 13. Bd3 f5 14. O-O-O Nd7
15. Rhe1 O-O-O 16. Bc2 Qd5 17. Bb3 Qxg2 18. Qf4 Nf6 19. f3 Rhe8 20. Rd2 e5 21.
Rxe5 Qg1+ 22. Rd1 Qf2 23. Nxf5 Rxe5 24. Qxe5 Qxf3 25. Ne7+ Kd7 26. Nxg6 Re8 27.
Qf4 Qxf4+ 28. Nxf4 Re4 29. Rf1 Ke7 30. Kd2 Kf8 31. Kd3 Re7 32. Ne6+ fxe6 33.
Rxf6+ Kg7 34. Rxe6 Rd7 35. Re5 Kf6 36. Rxh5 Rg7 37. Rh6+ Kf5 38. Be6+ Kf4 39.
Rf6+ Kg3 40. h5 Kh4 41. Rg6 Re7 42. h6 Kh5 43. Bf5 Rf7 44. Be4 Rh7 45. Rg5+
Kxg5 46. Bxh7 Kxh6 47. Bf5 Kg5 48. Ke4 Kf6 49. Bc8 b6 50. Bb7 c5 51. dxc5 bxc5
52. Kd5 Ke7 53. Kxc5 Kd7 54. c4 Kc7 55. Be4 Kb8 56. Kc6 Ka8 57. Kc7# 1-0